| 000 | 00932nam a22002777a 4500 | ||
|---|---|---|---|
| 001 | 7733 | ||
| 003 | FISKH | ||
| 005 | 20250801143825.0 | ||
| 008 | 250801b cb ||||| |||| 00| 0 eng d | ||
| 020 | _a9780439295000 | ||
| 040 |
_aFISKH _beng _cFISKH _dFISKH |
||
| 050 | _aTJ1233 .W45 | ||
| 082 | _a621.9 | ||
| 100 | _aWeinberger, Kimberly | ||
| 245 |
_aMy saw / _cby Kimberly Weinberger ; Illustrated by Billy Davis |
||
| 260 |
_aNew York : _bCartwheel, _c2001. |
||
| 300 |
_a10 unnumbered pages : _bcolor illustrations ; _c24 x 29 cm |
||
| 505 | _aG | ||
| 520 | _a"With vibrant artwork and rhyming text, this durable board book provides the perfect way to introduce preschoolers to the exciting world of tools!" | ||
| 521 | 8 |
_a380
_bLexile estimate |
|
| 521 | 8 |
_aG
_bRaz-Plus |
|
| 650 |
_aBoard Book _vCommunity Helpers |
||
| 700 |
_aDavis, Billy _eillustrator |
||
| 942 |
_2ddc _cBK _n0 |
||
| 999 |
_c7733 _d7733 |
||